Τα παιδιά αυτού του κόσμου : προγράμματα, συνέδρια, αποφάσεις και η τραγωδία των παιδιών του Τρίτου Κόσμου

Αποθηκεύτηκε σε:
Λεπτομέρειες βιβλιογραφικής εγγραφής
Άλλοι συγγραφείς: Κοντούλης, Αλέξανδρος (Συντάκτης)
Μορφή: Βιβλίο
Γλώσσα:Greek
Δημοσίευση: Αθήνα : Θυμάρι, 1983.
Σειρά:Κοινωνική συμπεριφορά (Θυμάρι) ; 8
Θέματα:
Ετικέτες: Προσθήκη ετικέτας
Δεν υπάρχουν, Καταχωρήστε ετικέτα πρώτοι!

MARC

LEADER 00000cam a2200000 i 4500
001 1/105388
008 000327s1983 gr | ||| |||| ||gre||
035 |l 10059228 
040 |a GR-MY-UA  |b gre  |e aacr 
041 0 |a gre 
082 7 |a 362.7   |2 (22) 
245 0 3 |a Τα παιδιά αυτού του κόσμου :   |b προγράμματα, συνέδρια, αποφάσεις και η τραγωδία των παιδιών του Τρίτου Κόσμου /   |c συγκέντρωση υλικού Αλέξανδρος Κοντούλης. 
246 3 4 |a Τα παιδιά αυτού του κόσμου ;   |b το διεθνές έτος του παιδιού ο πολιτισμένος κόσμος και η άλλη όψη του νομίσματος.  
260 |a Αθήνα :   |b Θυμάρι,   |c 1983.  
300 |a 150 σ. :   |b εικ. ;   |c 20 εκ.  
490 1 |a (Κοινωνική συμπεριφορά / Θυμάρι ;   |v  8) 
650 0 0 |a International year of the child, 1979. 
650 0 0 |a Child welfare. 
650 0 0 |a Children's rights. 
650 0 0 |a Child abuse. 
700 1 |a Κοντούλης, Αλέξανδρος,  |e com 
830 0 |a Κοινωνική συμπεριφορά (Θυμάρι)  |v  ; 8 
852 |a INST  |b RHODES  |e 20000327  |h 362.7 ΠΑΙ  |p 005400000390  |q 005400000390  |t BK  |y 0 
909 |a Ρ  |b 004907 
922 |a 4ΕΛΗ  |b 198612  |c ΤΣΙΑΚΑΛΟΣ 
970 |a ΧΟΡΟΖΙΔΟΥ  |b ΤΖΕΝΗ  |z 2000/03/27